Nové přístupy k řízení jakosti.

Informácia o medzinárodnej konferencii o akosti v Ostrave, 22.-23.4.1992. Úloha štátu a vplyv jednotného trhu ES. Veľké západné firmy kladú na akosť veľký dôraz. Veľmi dobré predpoklady ČSFR dosiahnuť vynikajúcu úroveň akosti. Pojem "benchmarking": u konkurencie sa skúma, ako dosahuje svoje výsledky...

Descrizione completa

Salvato in:
Dettagli Bibliografici
Natura: Capitolo di libro
Lingua:ceco
Soggetti:
Tags: Aggiungi Tag
Nessun Tag, puoi essere il primo ad aggiungerne!!

MARC

LEADER 00000naa a2200000 4500
001 r009324
005 20220831085232.9
041 0 |a cze 
044 |a [CS] 
245 1 0 |a Nové přístupy k řízení jakosti. 
520 |a Informácia o medzinárodnej konferencii o akosti v Ostrave, 22.-23.4.1992. Úloha štátu a vplyv jednotného trhu ES. Veľké západné firmy kladú na akosť veľký dôraz. Veľmi dobré predpoklady ČSFR dosiahnuť vynikajúcu úroveň akosti. Pojem "benchmarking": u konkurencie sa skúma, ako dosahuje svoje výsledky, a výsledky sa porovnajú s vlastným používaným postupom. 
610 2 0 |a riadenie kvality 
610 2 0 |a konferencie 
610 2 0 |a Ostrava 
610 2 0 |a 1992 
610 2 0 |a štát 
610 2 0 |a trh 
610 2 0 |a Európske spoločenstvá 
610 2 0 |a konkurencia 
610 2 0 |a porovnanie medzipodnikové